<?xml version="1.0" encoding="UTF-8"?>
<record
    xmlns:xsi="http://www.w3.org/2001/XMLSchema-instance"
    xsi:schemaLocation="http://www.loc.gov/MARC21/slim http://www.loc.gov/standards/marcxml/schema/MARC21slim.xsd"
    xmlns="http://www.loc.gov/MARC21/slim">

  <leader>01337cam a2200361 i 4500</leader>
  <controlfield tag="001">3397222</controlfield>
  <controlfield tag="005">20220326193338.0</controlfield>
  <controlfield tag="008">020916s2002    sp ab    bc   000 0 spa d</controlfield>
  <datafield tag="020" ind1=" " ind2=" ">
    <subfield code="a">8495719207 :</subfield>
    <subfield code="c">$26.59</subfield>
  </datafield>
  <datafield tag="035" ind1=" " ind2=" ">
    <subfield code="a">(OCoLC)ocm50642907</subfield>
  </datafield>
  <datafield tag="035" ind1=" " ind2=" ">
    <subfield code="a">(NNC)3397222</subfield>
  </datafield>
  <datafield tag="040" ind1=" " ind2=" ">
    <subfield code="a">SpBaP</subfield>
    <subfield code="c">SpBaP</subfield>
    <subfield code="d">CStRLIN</subfield>
    <subfield code="d">MWiCA</subfield>
  </datafield>
  <datafield tag="041" ind1=" " ind2=" ">
    <subfield code="a">spaeng</subfield>
  </datafield>
  <datafield tag="082" ind1=" " ind2=" ">
    <subfield code="a">708</subfield>
    <subfield code="b">H364m.sa</subfield>
  </datafield>
  <datafield tag="090" ind1=" " ind2=" ">
    <subfield code="a">NB979 H28</subfield>
    <subfield code="b">C33</subfield>
  </datafield>
  <datafield tag="110" ind1="2" ind2=" ">
    <subfield code="a">Centro de Arte de Salamanca.</subfield>
    <subfield code="9">4251</subfield>
  </datafield>
  <datafield tag="245" ind1="1" ind2="0">
    <subfield code="a">Mona Hatoum.</subfield>
  </datafield>
  <datafield tag="250" ind1=" " ind2=" ">
    <subfield code="a">1st edition.</subfield>
  </datafield>
  <datafield tag="260" ind1=" " ind2=" ">
    <subfield code="a">[Salamanca] :</subfield>
    <subfield code="b">Consorcio Salamanca 2002 :</subfield>
    <subfield code="b">Centro de Arte de Salamanca,</subfield>
    <subfield code="c">2002.</subfield>
  </datafield>
  <datafield tag="300" ind1=" " ind2=" ">
    <subfield code="a">143 p. :</subfield>
    <subfield code="b">ill. (col), maps ;</subfield>
    <subfield code="c">30 cm.</subfield>
  </datafield>
  <datafield tag="500" ind1=" " ind2=" ">
    <subfield code="a">Text in English and Spanish.</subfield>
  </datafield>
  <datafield tag="500" ind1=" " ind2=" ">
    <subfield code="a">Catalog of an exhibitions at the Centero de ARte de Salamance, July 10 - Sept. 2, 2002, and at the Centro Galego de Arte Contemporanea, oct 3, 2002 - Jan. 5, 2003.</subfield>
  </datafield>
  <datafield tag="504" ind1=" " ind2=" ">
    <subfield code="a">Includes bibliographical references.</subfield>
  </datafield>
  <datafield tag="600" ind1="1" ind2="0">
    <subfield code="a">Hatoum, Mona,</subfield>
    <subfield code="d">1952-</subfield>
    <subfield code="v">Exhibitions.</subfield>
    <subfield code="v">Exhibiciones</subfield>
    <subfield code="9">4252</subfield>
  </datafield>
  <datafield tag="650" ind1=" " ind2=" ">
    <subfield code="x">Instalation</subfield>
    <subfield code="z">Centro de Arte de Salamanca.</subfield>
    <subfield code="9">4253</subfield>
  </datafield>
  <datafield tag="650" ind1=" " ind2=" ">
    <subfield code="x">Instalaciones de Arte</subfield>
    <subfield code="9">4268</subfield>
  </datafield>
  <datafield tag="650" ind1=" " ind2=" ">
    <subfield code="x">Arte Contempor&#xE1;neo</subfield>
    <subfield code="y">Siglo 21</subfield>
    <subfield code="9">4269</subfield>
  </datafield>
  <datafield tag="700" ind1=" " ind2=" ">
    <subfield code="a">Garb, Tamar</subfield>
    <subfield code="9">4270</subfield>
  </datafield>
  <datafield tag="700" ind1=" " ind2=" ">
    <subfield code="a">Glencross, Jo</subfield>
    <subfield code="9">4271</subfield>
  </datafield>
  <datafield tag="700" ind1=" " ind2=" ">
    <subfield code="a">Antoni, Janine</subfield>
    <subfield code="9">4272</subfield>
  </datafield>
  <datafield tag="710" ind1="2" ind2=" ">
    <subfield code="a">Centro Galego de Arte Contempor&#xE1;nea.</subfield>
    <subfield code="9">4254</subfield>
  </datafield>
  <datafield tag="999" ind1=" " ind2=" ">
    <subfield code="c">797</subfield>
    <subfield code="d">797</subfield>
  </datafield>
  <datafield tag="952" ind1=" " ind2=" ">
    <subfield code="0">0</subfield>
    <subfield code="1">0</subfield>
    <subfield code="2">ddc</subfield>
    <subfield code="4">0</subfield>
    <subfield code="7">0</subfield>
    <subfield code="a">LV</subfield>
    <subfield code="b">LV</subfield>
    <subfield code="c">Monograf&#xED;as</subfield>
    <subfield code="d">2015-11-27</subfield>
    <subfield code="l">0</subfield>
    <subfield code="o">708 H364m.sa</subfield>
    <subfield code="p">000814</subfield>
    <subfield code="r">2015-11-27 00:00:00</subfield>
    <subfield code="w">2015-11-27</subfield>
    <subfield code="y">01</subfield>
  </datafield>
</record>
